000 01009nam a22003137a 4500
003 CHAP
005 20220329143528.0
008 100409s1974 es r 00010 spa d
010 _a98059
011 _a99031
020 _a8472900134
035 _a109716
040 _cCHAP
082 0 4 _a541.28
_bD12y
100 1 _aDaudel, Raymond
_931138
245 1 0 _aTeoría cuántica del enlace químico
_c/por Raymond
260 _aBarcelona :
_bBellaterra,
_c1974
300 _a168 p.
534 _pTit. original :
_tTheorie quantique de la lioison chimique.
_cFrance : Presses Universitaire, 1971
590 _aBATCH-UPD
_b10
_c20130110
_lUCH01
_h1856
590 _aBATCH-UPD
_b10
_c20130410
_lUCH01
_h1224
590 _aBATCH-UPD
_b10
_c20130914
_lUCH01
_h1136
590 _aCONVERSION
_b10
_c20130109
_lUCH01
_h1354
650 1 4 _aQuímica cuántica.
_993589
650 1 4 _aTeoría cuántica.
_9112307
901 _aBK
942 _cLIBRO
949 _a541.28 D12y
_bBC
_cLIBRO
_d33724002165850
_eLIBRO
_h112228
_i109716
_sb
999 _c98059
_d98059